000 00471nam a2200181Ia 4500
001 22842
005 20260414150857.0
008 260414t2020||||xx |||||||||||||| ||spa||
041 _aESP
082 _a624.15136
_bA47
100 _aAlva Hurtado, Jorge E.
_eAUT
245 0 _aIngeniería geotécnica :
_btrabajos de campo, laboratorio y estudios
260 _c2020
300 _a223 páginas :
_c30 cm.
650 _a0
654 _aCIC
942 _cLIB
_dJUS
_fJUS
_2ddc
_n
999 _c22842
_d22842